000 00834nam a22002777a 4500
001 BR7705041
003 BR-BrBNA
005 20230928085425.0
007 ta
008 230509b bl.||||| |||| 00| 0 por d
040 _aBR-BrBNA
_bpor
_cBiblioteca Nacional de Agricultura
041 _a(Por)
072 _aK10
_b3530
090 _ 3530 BR7705041
100 1 _aFerreira, M. das G.M.
110 1 _aUniversidade Federal de Vicosa, MG (Brasil)
_0Tese (Magister Scientiae)
245 1 _aEfeito do sombreamento na producao de mudas de quatro especies florestais nativas
260 3 _aVicosa, MG (Brasil):
_c1977.
300 _a53 p.
500 _a16 tables; 4 illus.; 35 ref.; Summary (Por)
650 _aMUDA
650 _aSOMBREAMENTO
650 _aARVORE FLORESTAL
909 _a202309
_bLucia
_c55
_dLucia Elande
942 _cBK
999 _c24355
_d24355